书目信息 |
| 题名: |
复活的军团:秦始皇陵兵马俑发现之迷
|
|
| 作者: | 岳南 著 | |
| 分册: | ||
| 出版信息: | 北京 新世界出版社 1997.01 |
|
| 页数: | 393页 | |
| 开本: | 32开 | |
| 丛书名: | ||
| 单 册: | ||
| 中图分类: | ||
| 科图分类: | ||
| 主题词: | 报告文学--中国 , 传记文学--中国 | |
| 电子资源: | ||
| ISBN: | 7-80005-369-5 | |
| 000 | 00635nam0 2200217 45 | |
| 001 | 9911091680 | |
| 005 | 19991109162310.7 | |
| 010 | @a7-80005-369-5@d19.80元 | |
| 100 | @a19991109d1997 km y0chiy0120 ea | |
| 101 | @achi | |
| 105 | @a z 000yy | |
| 200 | 1 | @a复活的军团:秦始皇陵兵马俑发现之迷@AFu Huo De JunTuan:Qin Shi Huang Ling Bing Ma Yong Fa Xian Zhi Mi@f岳南著@FYue Nan Zhu |
| 210 | @a北京@c新世界出版社@d1997.01 | |
| 215 | @a393页@d32开 | |
| 606 | 0 | @a报告文学@x中国 |
| 606 | 0 | @a传记文学@x中国 |
| 690 | @v3 | |
| 690 | @aI25 | |
| 701 | @a岳南@4著 | |
| 801 | @aCN@bPFTUser@c19991109 | |
| 905 | @f3@b43396-398@dI25@eY.195/2 | |
| 复活的军团:秦始皇陵兵马俑发现之迷/岳南著.-北京:新世界出版社,1997.01 |
| 393页;32开 |
| ISBN 7-80005-369-5:19.80元 |
| ● |
| 相关链接 |
|
|
|
正题名:复活的军团:秦始皇陵兵马俑发现之迷
索取号:I25/Y.195/2
 
预约/预借
| 序号 | 登录号 | 条形码 | 馆藏地/架位号 | 状态 | 备注 |
| 1 | 43396 | 200433968 | 社科二线400B/108文学库 66排2列4层/ [索取号:I25/Y.195/2] | 在馆 | |
| 2 | 43397 | 200433977 | 文学库108/108文学库 66排2列4层/ [索取号:I25/Y.195/2] | 在馆 | |
| 3 | 43398 | 200433986 | 文学库108/108文学库 66排2列4层/ [索取号:I25/Y.195/2] | 在馆 |